header

International GAAP 2008 (Record no. 64334)

MARC details
000 -LEADER
fixed length control field 01598nam a2200349 a 4500
245 00 - TITLE STATEMENT
Title International GAAP 2008
260 ## - PUBLICATION, DISTRIBUTION, ETC. (IMPRINT)
Place of publication Chichester, West Sussex, England :
Name of publisher J. Wiley & Sons,
Year of publication 2008.
300 ## - PHYSICAL DESCRIPTION
Number of Pages 2 v. in 1 (cvii, 2912, 140 p.) :
Other physical details ill.
650 #0 - SUBJECT ADDED ENTRY--TOPICAL TERM
Topical Term Accounting
Topical Term Financial statements.
700 1# - ADDED ENTRY--PERSONAL NAME
Personal name Bonham, Mike.
856 40 - ELECTRONIC LOCATION AND ACCESS
Uniform Resource Identifier http://site.ebrary.com/lib/rucke/Doc?id=10297856

No items available.

© 2026 Rongo University
Contact us: librarian | system librarian | Rongo university